Hernán Cortés
Uloženo v:
| Hlavní autor: | |
|---|---|
| Médium: | Kniha |
| Jazyk: | španělština |
| Vydáno: |
Buenos Aires
Espasa-Calpe
1942
|
| Vydání: | 2a. ed |
| Edice: | Colección Austral
|
| Témata: | |
| Tagy: |
Přidat tag
Žádné tagy, Buďte první, kdo vytvoří štítek k tomuto záznamu!
|
MARC
| LEADER | 00000nam a2200000 a 4500 | ||
|---|---|---|---|
| 001 | UCI5472 | ||
| 003 | CL-VaPUC | ||
| 008 | 080328e19420000AG |||||||||||||||||spa|d | ||
| 082 | 0 | 4 | |a 860.9 |b PER |2 21 |
| 100 | 0 | |a Pereyra, Carlos |e author |9 446224 | |
| 245 | 1 | 0 | |a Hernán Cortés |
| 250 | |a 2a. ed | ||
| 300 | |a 283 p | ||
| 942 | |c BK | ||
| 945 | |d 20080328 00:00:00 |a jtorresc | ||
| 260 | |a Buenos Aires |b Espasa-Calpe |c 1942 | ||
| 600 | 0 | 7 | |a CORTES, HERNAN |2 CL-VaPUC |9 258554 |
| 650 | 0 | |a Literatura española |9 306261 | |
| 650 | 0 | |a Historia y crítica |9 257407 | |
| 583 | |a last modification |c 20080328 00:00:00 |k Rodrigo Vera | ||
| 490 | 0 | |a Colección Austral | |
| 999 | |c 329211 |d 329209 | ||
| 952 | |0 0 |1 0 |4 0 |6 860_900000000000000_PER_1942 |7 0 |8 A |9 413580 |a BIBHIS |b BIBHIS |d 2019-11-22 |i 4416732 |o 860.9 PER 1942 |p 4416732 |r 2025-01-20 |w 2019-11-22 |y BK |k HIS | ||